<?xml version="1.0" encoding="UTF-8"?>
<record
    xmlns:xsi="http://www.w3.org/2001/XMLSchema-instance"
    xsi:schemaLocation="http://www.loc.gov/MARC21/slim http://www.loc.gov/standards/marcxml/schema/MARC21slim.xsd"
    xmlns="http://www.loc.gov/MARC21/slim">

  <leader>00690nam a22001577a 4500</leader>
  <controlfield tag="003">OSt</controlfield>
  <controlfield tag="005">20151203153205.0</controlfield>
  <controlfield tag="008">151203b        xxu||||| |||| 00| 0 eng d</controlfield>
  <datafield tag="040" ind1=" " ind2=" ">
    <subfield code="c">RUA </subfield>
  </datafield>
  <datafield tag="082" ind1=" " ind2=" ">
    <subfield code="a">FIS NGU 2007 B178 Or.1</subfield>
  </datafield>
  <datafield tag="100" ind1=" " ind2=" ">
    <subfield code="9">4231</subfield>
    <subfield code="a">NGUON VICHET; &#x1784;&#x17BD;&#x1793; &#x179C;&#x17B7;&#x1785;&#x17B7;&#x178F;&#x17D2;&#x179A;</subfield>
  </datafield>
  <datafield tag="245" ind1=" " ind2=" ">
    <subfield code="a">Fish lar vae species in the chint,sangker, stung and pursat streams around the tonle saplake, &#x1794;&#x17D2;&#x179A;&#x1797;&#x17C1;&#x1791;&#x178F;&#x17D2;&#x179A;&#x17B8;&#x1793;&#x17C5;&#x178F;&#x17B6;&#x1798;&#x178A;&#x1784;&#x179F;&#x17D2;&#x1791;&#x17B9;&#x1784;&#x1787;&#x17B8;&#x1793;&#x17B7;&#x178F; &#x179F;&#x17D2;&#x1791;&#x17B9;&#x1784;&#x179F;&#x1784;&#x17D2;&#x1780;&#x17C2; &#x179F;&#x17D2;&#x1791;&#x17B9;&#x1784;&#x179F;&#x17D2;&#x1791;&#x17C4;&#x1784; &#x1793;&#x17B7;&#x1784; &#x179F;&#x17D2;&#x1791;&#x17B9;&#x1784;&#x1796;&#x17C4;&#x1792;&#x1793;&#x17CD;&#x179F;&#x17B6;&#x178F;&#x17CB;.</subfield>
  </datafield>
  <datafield tag="260" ind1=" " ind2=" ">
    <subfield code="a">Phnom Penh </subfield>
    <subfield code="b">RUA </subfield>
    <subfield code="c">2007 </subfield>
  </datafield>
  <datafield tag="300" ind1=" " ind2=" ">
    <subfield code="a">x; 43p.</subfield>
    <subfield code="b">ill.</subfield>
    <subfield code="c">29cm.</subfield>
  </datafield>
  <datafield tag="942" ind1=" " ind2=" ">
    <subfield code="2">ddc</subfield>
    <subfield code="c">FIS</subfield>
  </datafield>
  <datafield tag="999" ind1=" " ind2=" ">
    <subfield code="c">3947</subfield>
    <subfield code="d">3947</subfield>
  </datafield>
  <datafield tag="952" ind1=" " ind2=" ">
    <subfield code="0">0</subfield>
    <subfield code="1">0</subfield>
    <subfield code="2">ddc</subfield>
    <subfield code="4">0</subfield>
    <subfield code="6">FIS_NGU_2007_000000000000000_B179_OR_1</subfield>
    <subfield code="7">0</subfield>
    <subfield code="9">19932</subfield>
    <subfield code="a">LBB</subfield>
    <subfield code="b">LBB</subfield>
    <subfield code="c">B179</subfield>
    <subfield code="d">2015-12-03</subfield>
    <subfield code="o">FIS NGU 2007 B179 Or.1</subfield>
    <subfield code="p">RUA010293</subfield>
    <subfield code="r">2015-12-03</subfield>
    <subfield code="w">2015-12-03</subfield>
    <subfield code="y">FIS</subfield>
  </datafield>
  <datafield tag="952" ind1=" " ind2=" ">
    <subfield code="0">0</subfield>
    <subfield code="1">0</subfield>
    <subfield code="2">ddc</subfield>
    <subfield code="4">0</subfield>
    <subfield code="6">FIS_NGU_2007_000000000000000_B179_OR_2</subfield>
    <subfield code="7">0</subfield>
    <subfield code="9">19933</subfield>
    <subfield code="a">LBB</subfield>
    <subfield code="b">LBB</subfield>
    <subfield code="c">B179</subfield>
    <subfield code="d">2015-12-03</subfield>
    <subfield code="o">FIS NGU 2007 B179 Or.2</subfield>
    <subfield code="p">RUA010509</subfield>
    <subfield code="r">2015-12-03</subfield>
    <subfield code="w">2015-12-03</subfield>
    <subfield code="y">FIS</subfield>
  </datafield>
  <datafield tag="952" ind1=" " ind2=" ">
    <subfield code="0">0</subfield>
    <subfield code="1">0</subfield>
    <subfield code="2">ddc</subfield>
    <subfield code="4">0</subfield>
    <subfield code="6">FIS_NGU_2007_000000000000000_B178_OR_3</subfield>
    <subfield code="7">0</subfield>
    <subfield code="9">19934</subfield>
    <subfield code="a">LBB</subfield>
    <subfield code="b">LBB</subfield>
    <subfield code="c">B179</subfield>
    <subfield code="d">2015-12-03</subfield>
    <subfield code="o">FIS NGU 2007 B178 Or.3</subfield>
    <subfield code="p">RUA010221</subfield>
    <subfield code="r">2015-12-03</subfield>
    <subfield code="w">2015-12-03</subfield>
    <subfield code="y">FIS</subfield>
  </datafield>
  <datafield tag="952" ind1=" " ind2=" ">
    <subfield code="0">0</subfield>
    <subfield code="1">0</subfield>
    <subfield code="2">ddc</subfield>
    <subfield code="4">0</subfield>
    <subfield code="6">FIS_NGU_2007_000000000000000_B179_OR_4</subfield>
    <subfield code="7">0</subfield>
    <subfield code="9">19935</subfield>
    <subfield code="a">LBB</subfield>
    <subfield code="b">LBB</subfield>
    <subfield code="c">B179</subfield>
    <subfield code="d">2015-12-03</subfield>
    <subfield code="o">FIS NGU 2007 B179 Or.4</subfield>
    <subfield code="p">RUA026727</subfield>
    <subfield code="r">2015-12-03</subfield>
    <subfield code="w">2015-12-03</subfield>
    <subfield code="y">FIS</subfield>
  </datafield>
  <datafield tag="952" ind1=" " ind2=" ">
    <subfield code="0">0</subfield>
    <subfield code="1">0</subfield>
    <subfield code="2">ddc</subfield>
    <subfield code="4">0</subfield>
    <subfield code="6">FIS_NGU_2007_000000000000000_B179_OR_5</subfield>
    <subfield code="7">0</subfield>
    <subfield code="9">19936</subfield>
    <subfield code="a">LBB</subfield>
    <subfield code="b">LBB</subfield>
    <subfield code="c">B179</subfield>
    <subfield code="d">2015-12-03</subfield>
    <subfield code="o">FIS NGU 2007 B179 Or.5</subfield>
    <subfield code="p">RUA010149</subfield>
    <subfield code="r">2015-12-03</subfield>
    <subfield code="w">2015-12-03</subfield>
    <subfield code="y">FIS</subfield>
  </datafield>
</record>
